000 00621 a2200217 4500
001 62230
005 20260407155916.0
008 260407a1992 arg spa d
003 AR-UNSa-BCEJYS
040 _aAR-UNSa-BCEJYS
_bspa
_cAR-UNSa-BCEJYS
080 _a343.13(094.4)
_xCódigo Procesal Penal
245 1 0 _aCódigo Procesal Penal de la Nación
020 _a978-950-20-0653-6
264 1 _aBuenos Aires :
_bAbeledo Perrot
_c1992
300 _a254 p.
_c24 cm.
041 _aspa
942 _cBK
590 _aniveau_biblio:m niveau_hierar:0
100 1 _aArgentina [Leyes, etc.]
700 1 _aChichizola, Mario I.
999 _c7621
_d7621